| 000 | 00984nam a2200301 a 4500 | ||
|---|---|---|---|
| 001 | BRL_509 | ||
| 005 | 20190320210756.0 | ||
| 008 | 230813s1983----mx-a######---#000-0#spa-# | ||
| 020 | _a9687153415 | ||
| 041 | _aspa | ||
| 044 | _amx | ||
| 050 | 4 |
_aF1219.8.O56 _b.O27 1983 |
|
| 245 | 1 | 0 |
_aObras maestras del Museo de Xalapa _cTexto Alfonso Medellín Zenil ; prol. Miguel León Portilla ; realización y diseño Beatrice Trueblood. |
| 260 |
_aMéxico _bStudio Beatrice Trueblood _c1983 |
||
| 300 |
_a191 p. _bil. a color _c31 cm. |
||
| 500 | _aAu537 | ||
| 500 | _aBibliografía: p. 184-186. | ||
| 610 | 2 | 4 |
_aUniversidad Veracruzana _bMuseo de Antropologiìa _924141 |
| 650 | 1 | 4 |
_aOlmecas _xArte _924142 |
| 650 | 1 | 4 |
_aHuastecos _xArte _924143 |
| 650 | 1 | 4 |
_aTotonacas _xArte _924144 |
| 650 | 1 | 4 |
_aArte indígena _923949 |
| 700 | 1 |
_aMedellín Zenil, Alfonso _924145 |
|
| 700 | 1 |
_aLeón Portilla, Miguel _9504 |
|
| 700 | 1 |
_aTrueblood, Beatrice _9615 |
|
| 902 | _aGRL | ||
| 942 |
_2lcc _cB |
||
| 999 |
_c9321 _d9321 |
||